[Event "Novokuznetsk Old Stager op"]
[Site "Novokuznetsk"]
[Date "2015.01.31"]
[Round "6"]
[White "Podshivalin, Gennady"]
[Black "Popov, Yury"]
[Result "1-0"]
[WhiteElo "1969"]
[BlackElo "1989"]
[PlyCount "117"]
[EventDate "2015.01.10"]
[EventType "swiss"]
[EventRounds "9"]
[EventCountry "RUS"]
[SourceTitle "EXT 2018"]
[Source "ChessBase"]
[SourceDate "2017.10.13"]
[SourceVersion "1"]
[SourceVersionDate "2017.10.13"]
[SourceQuality "1"]

1. d4 d5 2. c4 c6 3. Nc3 Nf6 4. Nf3 e6 5. e3 Be7 6. Bd2 b6 7. cxd5 cxd5 8. Ne5 0-0 9. Bd3 Bb7 10. Rc1 Na6 11. a3 Nc7 12. 0-0 Bd6 13. f4 Rc8 14. Qf3 g6 15. g4 Nce8 16. g5 Nh5 17. h4 f5 18. Kh2 Bb8 19. Ne2 Neg7 20. Ng3 Nxg3 21. Kxg3 Bxe5 22. fxe5 Qd7 23. Qe2 Rxc1 24. Rxc1 Rc8 25. Bb5 Qd8 26. Qd3 h6 27. Rxc8 Bxc8 28. gxh6 Nh5+ 29. Kh3 g5 30. Be1 g4+ 31. Kh2 Kh7 32. Qc2 Kxh6 33. Qc6 a6 34. Bd3 b5 35. Bxf5 Qg8 36. Bg3 Nxg3 37. Kxg3 Kh5 38. Bd3 Qd8 39. Kg2 Kxh4 40. Qc1 Qf8 41. Be2 Bd7 42. Qh1+ Kg5 43. Kg3 Qf5 44. Qh4+ Kg6 45. Qxg4+ Qg5 46. Bd3+ Kh6 47. Qxg5+ Kxg5 48. Kf3 Bc6 49. b4 Kh6 50. Kf4 Kg7 51. e4 Kf7 52. exd5 exd5 53. Bf5 Ke7 54. Bc8 Kf7 55. Bxa6 Ke7 56. Bc8 Be8 57. Bf5 Bf7 58. e6 Bg8 59. Ke5 1-0

[Event "Novokuznetsk Old Stager op"]
[Site "Novokuznetsk"]
[Date "2015.01.25"]
[Round "5"]
[White "Polyanskiy, Vladimir"]
[Black "Podshivalin, Gennady"]
[Result "1-0"]
[WhiteElo "2174"]
[BlackElo "1969"]
[PlyCount "113"]
[EventDate "2015.01.10"]
[EventType "swiss"]
[EventRounds "9"]
[EventCountry "RUS"]
[SourceTitle "EXT 2018"]
[Source "ChessBase"]
[SourceDate "2017.10.13"]
[SourceVersion "1"]
[SourceVersionDate "2017.10.13"]
[SourceQuality "1"]

1. e4 d5 2. exd5 Qxd5 3. Nc3 Qa5 4. d4 c6 5. Bd3 Nf6 6. Bd2 Qc7 7. h3 e6 8. Nf3 Nbd7 9. Qe2 Bd6 10. 0-0-0 b5 11. Ng5 0-0 12. g3 a5 13. Nce4 Nxe4 14. Nxe4 Be7 15. f4 Bb7 16. Rhe1 Rfe8 17. Qh5 Nf8 18. g4 Qd8 19. f5 exf5 20. gxf5 f6 21. Rg1 Nd7 22. Rg4 Bf8 23. Rh4 h6 24. Bxh6 Rxe4 25. Bxe4 Qe7 26. Qg4 Qf7 27. Kb1 Nb6 28. Qg2 Rc8 29. Rg4 Kh8 30. Bc1 Nc4 31. h4 Nd6 32. Rf1 Nxe4 33. Qxe4 c5 34. Qe6 Qxe6 35. fxe6 c4 36. Re1 Be7 37. Reg1 Rg8 38. Bd2 Bd5 39. Re1 b4 40. Bf4 a4 41. Rg3 g6 42. b3 axb3 43. axb3 Kh7 44. bxc4 Bxc4 45. Rge3 Rd8 46. Rd1 Bd5 47. Kb2 g5 48. hxg5 fxg5 49. Bg3 Kg6 50. Ra1 Bf6 51. Be5 Re8 52. Bxf6 Kxf6 53. Rf1+ Kg6 54. e7 Bf7 55. Re5 Ra8 56. d5 g4 57. Re4 1-0

[Event "Novokuznetsk-ch"]
[Site "Novokuznetsk"]
[Date "2014.12.13"]
[Round "8"]
[White "Bochkarev, Semen"]
[Black "Podshivalin, Gennady"]
[Result "0-1"]
[WhiteElo "1942"]
[BlackElo "1964"]
[PlyCount "200"]
[EventDate "2014.11.16"]
[EventType "swiss"]
[EventRounds "9"]
[EventCountry "RUS"]
[SourceTitle "EXT 2016"]
[Source "ChessBase"]
[SourceDate "2015.10.08"]
[SourceVersion "1"]
[SourceVersionDate "2015.10.08"]
[SourceQuality "1"]

1. e4 d5 2. exd5 Qxd5 3. Nc3 Qa5 4. d4 c6 5. Nf3 Bg4 6. Bc4 e6 7. Bd2 Qc7 8. Qe2 Be7 9. h3 Bxf3 10. Qxf3 Nf6 11. 0-0-0 Nbd7 12. Rhe1 0-0-0 13. Bf4 Bd6 14. Bxd6 Qxd6 15. a4 Nb6 16. Bb3 Nbd5 17. Bxd5 exd5 18. a5 Rhe8 19. a6 Qb4 20. axb7+ Kxb7 21. Re5 Re6 22. Rxe6 fxe6 23. Qg3 Rd7 24. Qe5 Qd6 25. Na4 Kc7 26. Nc5 Re7 27. Qe1 Kb8 28. Rd3 Ka8 29. Qa5 e5 30. Qa6 Rc7 31. Rb3 Qe7 32. Re3 Ne4 33. Nxe4 exd4 34. Rd3 Qxe4 35. Qa5 Rc8 36. Kb1 Qe5 37. Qc5 Qe1+ 38. Ka2 Qxf2 39. Rf3 Qe2 40. Qxd4 Qe7 41. Rg3 g6 42. Re3 Qd7 43. Qc5 Re8 44. Rf3 Qb7 45. Rc3 Rc8 46. Ra3 Qc7 47. Re3 Qb6 48. Qe7 d4 49. Ra3 c5 50. Qe4+ Qc6 51. Qg4 Qd5+ 52. Kb1 Re8 53. Qg3 Qe5 54. Qf3+ Qe4 55. Qd3 Qxd3 56. cxd3 Kb7 57. Rb3+ Kc6 58. Ra3 Re7 59. Kc1 Kb5 60. Kd2 a5 61. Rb3+ Ka4 62. Rb6 Rf7 63. Ke2 Re7+ 64. Kd2 Re3 65. b3+ Ka3 66. Rb5 Rg3 67. Rxc5 Rxg2+ 68. Kc1 Kxb3 69. Rxa5 Rh2 70. Rc5 Rxh3 71. Kd2 Rh2+ 72. Ke1 h5 73. Rc4 Rh4 74. Kf2 g5 75. Kg3 Rf4 76. Rc5 h4+ 77. Kh3 Rf3+ 78. Kg4 Rxd3 79. Rxg5 h3 80. Rh5 Kc3 81. Kf4 Re3 82. Rd5 Kd3 83. Ra5 h2 84. Ra3+ Kc4 85. Ra4+ Kc5 86. Ra5+ Kb4 87. Rd5 Kc4 88. Rh5 Re2 89. Rh8 d3 90. Kf3 Kc3 91. Rc8+ Kd2 92. Rh8 Ke1 93. Kg3 d2 94. Re8 Rxe8 95. Kxh2 d1Q 96. Kg3 Qd3+ 97. Kf4 Qe4+ 98. Kg5 Rg8+ 99. Kf6 Rg6+ 100. Kf7 Qe6+ 0-1

[Event "Novokuznetsk-ch"]
[Site "Novokuznetsk"]
[Date "2014.11.16"]
[Round "1"]
[White "Podshivalin, Gennady"]
[Black "Chernov, Mikhail"]
[Result "0-1"]
[WhiteElo "1964"]
[BlackElo "2200"]
[PlyCount "64"]
[EventDate "2014.11.16"]
[EventType "swiss"]
[EventRounds "9"]
[EventCountry "RUS"]
[SourceTitle "EXT 2016"]
[Source "ChessBase"]
[SourceDate "2015.10.08"]
[SourceVersion "1"]
[SourceVersionDate "2015.10.08"]
[SourceQuality "1"]

1. d4 Nf6 2. c4 e6 3. Nc3 Bb4 4. Bd2 b6 5. Nf3 Bb7 6. e3 0-0 7. Be2 Bxc3 8. Bxc3 Ne4 9. Bb4 d6 10. 0-0 Nd7 11. Nd2 a5 12. Ba3 Nxd2 13. Qxd2 e5 14. Rac1 Qg5 15. d5 e4 16. b3 Ne5 17. Kh1 f5 18. f4 exf3 19. gxf3 f4 20. e4 Qh5 21. Bb2 Rf6 22. Rf2 Raf8 23. Rg1 Rg6 24. Rxg6 Nxg6 25. Qd4 Ne5 26. Qd1 Bc8 27. Bd4 Rf6 28. Qa1 Rg6 29. Bxe5 dxe5 30. a3 Qg5 31. h4 Qg3 32. Rh2 Bh3 0-1

[Event "Novokuznetsk Kustov op"]
[Site "Novokuznetsk"]
[Date "2014.10.18"]
[Round "6"]
[White "Podshivalin, Gennady"]
[Black "Kitov, Viktor"]
[Result "1-0"]
[WhiteElo "1972"]
[BlackElo "1840"]
[PlyCount "85"]
[EventDate "2014.09.28"]
[EventType "swiss"]
[EventRounds "9"]
[EventCountry "RUS"]
[SourceTitle "EXT 2018"]
[Source "ChessBase"]
[SourceDate "2017.10.13"]
[SourceVersion "1"]
[SourceVersionDate "2017.10.13"]
[SourceQuality "1"]

1. c4 d6 2. Nc3 c5 3. g3 Nc6 4. Bg2 Nf6 5. Nf3 Bf5 6. d3 e6 7. 0-0 Be7 8. b3 0-0 9. Bb2 d5 10. Nh4 Bg4 11. cxd5 exd5 12. h3 Be6 13. Nb5 a6 14. Na3 Qd7 15. Kh2 Rac8 16. Rc1 b5 17. Nc2 b4 18. f4 d4 19. e4 dxe3 20. Nxe3 Nd5 21. Nxd5 Bxd5 22. Nf3 h5 23. h4 Be6 24. Ne5 Nxe5 25. Bxe5 Rfd8 26. Rf2 Bg4 27. Bf3 Qxd3 28. Bxg4 hxg4 29. Qxg4 f6 30. Bb2 Qe3 31. Rcc2 Kf8 32. Rce2 Qd3 33. Rxe7 Kxe7 34. Qxg7+ Ke6 35. Qxf6+ Kd7 36. Be5 Rc6 37. Qf7+ Kc8 38. Qa7 Rg6 39. Rg2 Rc6 40. Qb8+ Kd7 41. Qb7+ Ke8 42. Qxc6+ Rd7 43. Qxc5 1-0

[Event "Novokuznetsk Kustov op"]
[Site "Novokuznetsk"]
[Date "2014.09.28"]
[Round "1"]
[White "Grachev, Alexey"]
[Black "Podshivalin, Gennady"]
[Result "1/2-1/2"]
[WhiteElo "2044"]
[BlackElo "1972"]
[PlyCount "62"]
[EventDate "2014.09.28"]
[EventType "swiss"]
[EventRounds "9"]
[EventCountry "RUS"]
[SourceTitle "EXT 2018"]
[Source "ChessBase"]
[SourceDate "2017.10.13"]
[SourceVersion "1"]
[SourceVersionDate "2017.10.13"]
[SourceQuality "1"]

1. Nf3 d5 2. c4 c6 3. e3 Nf6 4. Nc3 Nbd7 5. d4 e6 6. Be2 Bd6 7. 0-0 0-0 8. b3 Re8 9. Bb2 a5 10. Qc2 Qe7 11. e4 dxe4 12. Nxe4 Nxe4 13. Qxe4 Nf6 14. Qc2 Ba3 15. Ne5 a4 16. f4 Bxb2 17. Qxb2 c5 18. dxc5 Qxc5+ 19. Kh1 a3 20. Qc2 Bd7 21. Bf3 Bc6 22. Bxc6 bxc6 23. Rad1 Red8 24. Rxd8+ Rxd8 25. b4 Qd6 26. Qa4 c5 27. b5 Qd4 28. Qc2 Ne4 29. Nc6 Nf2+ 30. Kg1 Nh3+ 31. Kh1 Nf2+ 1/2-1/2

[Event "Novokuznetsk-ch"]
[Site "Novokuznetsk"]
[Date "2013.12.15"]
[Round "9"]
[White "Podshivalin, Gennady"]
[Black "Gorbacheva, Darya"]
[Result "0-1"]
[WhiteElo "2008"]
[BlackElo "1771"]
[PlyCount "92"]
[EventDate "2013.11.17"]
[EventType "swiss"]
[EventRounds "9"]
[EventCountry "RUS"]
[SourceTitle "EXT 2015"]
[Source "ChessBase"]
[SourceDate "2014.11.20"]
[SourceVersion "1"]
[SourceVersionDate "2014.11.20"]
[SourceQuality "1"]

1. d4 d5 2. Nf3 Nf6 3. Bf4 Nbd7 4. h3 e6 5. e3 c6 6. Nbd2 Be7 7. Bd3 0-0 8. 0-0 c5 9. c3 b6 10. Re1 Bb7 11. b3 Ne4 12. Bxe4 dxe4 13. Ne5 Nxe5 14. Bxe5 Bd6 15. Bxd6 Qxd6 16. Rc1 Rac8 17. Qg4 f5 18. Qg3 Qxg3 19. fxg3 Rc7 20. Red1 cxd4 21. exd4 Rfc8 22. c4 Rd7 23. Nf1 Rcd8 24. Kf2 Rxd4 25. Rxd4 Rxd4 26. Ke3 Rd3+ 27. Ke2 g5 28. Rd1 Rxd1 29. Kxd1 f4 30. gxf4 gxf4 31. g3 e5 32. Ke2 e3 33. gxf4 exf4 34. h4 Kg7 35. Nh2 Kg6 36. Ng4 h6 37. Ne5+ Kh5 38. Nf7 Kxh4 39. Nxh6 Kg3 40. Nf5+ Kg2 41. Nh4+ Kg1 42. b4 Bc8 43. Nf3+ Kg2 44. Ne1+ Kg3 45. Nc2 Bg4+ 46. Ke1 e2 0-1

[Event "Novokuznetsk-ch"]
[Site "Novokuznetsk"]
[Date "2013.12.08"]
[Round "7"]
[White "Podshivalin, Gennady"]
[Black "Kheyfets, Nataliya"]
[Result "0-1"]
[WhiteElo "2008"]
[BlackElo "1848"]
[PlyCount "112"]
[EventDate "2013.11.17"]
[EventType "swiss"]
[EventRounds "9"]
[EventCountry "RUS"]
[SourceTitle "EXT 2015"]
[Source "ChessBase"]
[SourceDate "2014.11.20"]
[SourceVersion "1"]
[SourceVersionDate "2014.11.20"]
[SourceQuality "1"]

1. d4 d5 2. Nf3 c6 3. Bf4 e6 4. e3 Bd6 5. Bg5 Qc7 6. c4 f6 7. Bh4 Qf7 8. Nc3 Nd7 9. cxd5 exd5 10. Bg3 Bxg3 11. hxg3 f5 12. Bd3 g6 13. Qc2 Ngf6 14. Na4 Ne4 15. b4 a5 16. b5 Qf6 17. 0-0 0-0 18. Rfc1 cxb5 19. Bxb5 Nb6 20. Rab1 Nxa4 21. Bxa4 Rf7 22. Rb5 Be6 23. Qb3 Qe7 24. Ne5 Rg7 25. Rb6 g5 26. Nd3 Nd2 27. Qd1 Nc4 28. Rb5 Rc8 29. Nc5 b6 30. Nxe6 Qxe6 31. Qf3 Rd8 32. Bc2 Rf7 33. Bd3 Nd2 34. Qh5 Rg7 35. Rb2 Nc4 36. Rbc2 Rc8 37. Qf3 Rf7 38. Qe2 Rfc7 39. a4 Kg7 40. Rc3 Kf6 41. Qh5 Rg8 42. g4 fxg4 43. Qh6+ Ke7 44. Qxe6+ Kxe6 45. Bxc4 dxc4 46. Rxc4 Rxc4 47. Rxc4 Kd5 48. Rc7 h5 49. Kf1 h4 50. Ke2 h3 51. Kd3 Rf8 52. gxh3 gxh3 53. Rh7 g4 54. Rh6 Rf3 55. Rxb6 h2 56. Rh6 Rh3 0-1

[Event "Novokuznetsk-ch"]
[Site "Novokuznetsk"]
[Date "2013.11.24"]
[Round "3"]
[White "Podshivalin, Gennady"]
[Black "Korobeynikov, Alexandr"]
[Result "1-0"]
[WhiteElo "2008"]
[BlackElo "1823"]
[PlyCount "157"]
[EventDate "2013.11.17"]
[EventType "swiss"]
[EventRounds "9"]
[EventCountry "RUS"]
[SourceTitle "EXT 2015"]
[Source "ChessBase"]
[SourceDate "2014.11.20"]
[SourceVersion "1"]
[SourceVersionDate "2014.11.20"]
[SourceQuality "1"]

1. d4 Nf6 2. Nf3 d6 3. c4 g6 4. Bf4 Nbd7 5. Nc3 Bg7 6. h3 0-0 7. e4 Re8 8. Be2 c5 9. d5 Nf8 10. e5 Nh5 11. Bh2 Bh8 12. 0-0 f5 13. e6 Bf6 14. g4 Bxc3 15. bxc3 fxg4 16. hxg4 Nf6 17. Ng5 Qa5 18. Qc2 Kg7 19. Nf7 a6 20. Bf4 Nxe6 21. dxe6 Bxe6 22. Nh6 Rf8 23. Be3 Qd8 24. g5 Nd7 25. Qe4 Ne5 26. f4 Bf5 27. Nxf5+ gxf5 28. Qxb7 Ng4 29. Bxg4 fxg4 30. Rab1 Qe8 31. Qg2 Qd7 32. Rfe1 Rab8 33. Qh2 Rxb1 34. Rxb1 Qe6 35. Re1 Qxc4 36. Qh6+ Kg8 37. g6 hxg6 38. Qxg6+ Kh8 39. Qh5+ Kg8 40. Qxg4+ Kf7 41. Qh5+ Ke6 42. Qh6+ Kf7 43. Qh5+ Ke6 44. Qg4+ Kf7 45. Qh5+ Ke6 46. Bxc5+ Kd7 47. Qh3+ Kc6 48. Bd4 Rg8+ 49. Kf2 Qxa2+ 50. Re2 Qf7 51. Qf3+ d5 52. Qe3 Rf8 53. Be5 Qh5 54. Qg3 e6 55. Ke3 Qf5 56. Kd2 Rf7 57. Qd3 Qxd3+ 58. Kxd3 a5 59. Rb2 a4 60. c4 a3 61. Ra2 Ra7 62. cxd5+ Kxd5 63. Kc3 Ke4 64. Kb3 Kf5 65. Rxa3 Rd7 66. Kc3 Rd1 67. Ra2 Rd7 68. Rd2 Ra7 69. Kc4 Ra6 70. Rd6 Ra4+ 71. Kc5 Ra5+ 72. Kc6 Ra6+ 73. Kd7 Ra7+ 74. Ke8 Ra8+ 75. Ke7 Ra7+ 76. Rd7 Ra8 77. Rc7 Ra6 78. Bd6 Ra4 79. Rc5+ 1-0

[Event "Sibiria Region-ch Seniors"]
[Site "Prokopevsk"]
[Date "2012.03.19"]
[Round "8"]
[White "Podshivalin, Gennady"]
[Black "Kudriashov, Anatolij"]
[Result "1-0"]
[WhiteElo "2037"]
[BlackElo "1827"]
[PlyCount "135"]
[EventDate "2012.03.12"]
[EventType "swiss"]
[EventRounds "9"]
[EventCountry "RUS"]
[SourceTitle "EXT 2013"]
[Source "ChessBase"]
[SourceDate "2012.11.22"]
[SourceVersion "1"]
[SourceVersionDate "2012.11.22"]
[SourceQuality "1"]

1. d4 d5 2. c4 e6 3. Nc3 Nf6 4. Bg5 dxc4 5. e3 c6 6. Bxc4 Be7 7. Nf3 Nbd7 8. 0-0 h6 9. Bh4 0-0 10. a3 a6 11. Qc2 Kh8 12. Rfd1 Rg8 13. Ne5 Qf8 14. Rac1 Nh5 15. Bxe7 Qxe7 16. Be2 Nhf6 17. Nd3 g6 18. Na4 Rg7 19. Bf3 Nd5 20. e4 Nc7 21. Ndc5 Rb8 22. b4 Nb5 23. Qb2 Kh7 24. Nxd7 Bxd7 25. Nc5 Nc7 26. Re1 f5 27. e5 Be8 28. a4 g5 29. g3 g4 30. Bg2 h5 31. f4 h4 32. Qf2 h3 33. Bh1 b6 34. Nd3 Nd5 35. Bxd5 cxd5 36. Qc2 Rb7 37. Qb3 Qd7 38. Nb2 b5 39. a5 Rc7 40. Rc5 Rxc5 41. bxc5 Qd8 42. Qc3 Bc6 43. Nd3 Bb7 44. Nb4 Qc8 45. c6 Ba8 46. Rc1 Rc7 47. Kf1 Kg7 48. Qc2 Kf7 49. Qc5 Ke8 50. Qd6 Kf7 51. Kf2 Ke8 52. Ke3 Kf7 53. Kd3 Ke8 54. Rc5 Kf7 55. Kc3 Ke8 56. Kb3 Kf7 57. Ka3 Ke8 58. Nxa6 Rxc6 59. Rxc6 Bxc6 60. Nb4 Bd7 61. Qc5 Qd8 62. a6 Qa5+ 63. Kb3 Kd8 64. Kb2 Ke8 65. a7 Qa4 66. Nc6 Bxc6 67. Qxc6+ Kf7 68. a8Q 1-0

[Event "Sibiria Region-ch Seniors"]
[Site "Prokopevsk"]
[Date "2012.03.13"]
[Round "2"]
[White "Tydykov, Anatoliy"]
[Black "Podshivalin, Gennady"]
[Result "1-0"]
[WhiteElo "2281"]
[BlackElo "2037"]
[PlyCount "77"]
[EventDate "2012.03.12"]
[EventType "swiss"]
[EventRounds "9"]
[EventCountry "RUS"]
[SourceTitle "EXT 2013"]
[Source "ChessBase"]
[SourceDate "2012.11.22"]
[SourceVersion "1"]
[SourceVersionDate "2012.11.22"]
[SourceQuality "1"]

1. d4 d5 2. c4 e6 3. Nc3 Nf6 4. Bg5 Be7 5. e3 c6 6. Nf3 Nbd7 7. Rc1 Qa5 8. cxd5 exd5 9. Bd3 Bb4 10. Qb3 Ne4 11. 0-0 Nxg5 12. Nxg5 h6 13. Nf3 0-0 14. a3 Bd6 15. e4 dxe4 16. Nxe4 Be7 17. Rfe1 Qd8 18. Ne5 Nb6 19. Bb1 Be6 20. Qd3 f5 21. Nc5 Bc8 22. Ng6 Rf7 23. Ba2 Nd5 24. Bxd5 cxd5 25. Qe2 Bf8 26. Qe8 Qf6 27. Nxf8 Rxf8 28. Qe5 Qd8 29. Qe7 b6 30. Qxd8 Rxd8 31. Nd3 Ba6 32. Nf4 Bc4 33. Re7 Re8 34. Rce1 Rf8 35. h4 g5 36. hxg5 hxg5 37. Ne6 Rf7 38. Nxg5 Rg7 39. Re8+ 1-0

[Event "Novokuznetsk Spring op"]
[Site "Novokuznetsk"]
[Date "2012.??.??"]
[Round "5"]
[White "Bogachev, Alexandr"]
[Black "Podshivalin, Gennady"]
[Result "1/2-1/2"]
[WhiteElo "2053"]
[BlackElo "2037"]
[PlyCount "83"]
[EventDate "2012.04.04"]
[EventType "swiss"]
[EventRounds "9"]
[EventCountry "RUS"]
[SourceTitle "CBM 148 Extra"]
[Source "ChessBase"]
[SourceDate "2012.06.22"]
[SourceVersion "1"]
[SourceVersionDate "2012.06.22"]
[SourceQuality "1"]

1. d4 d5 2. e3 Nf6 3. Bd3 Bg4 4. Ne2 e6 5. Nd2 Nbd7 6. c3 e5 7. f3 Bh5 8. Qb3 Rb8 9. 0-0 c5 10. Bb5 c4 11. Qa4 Bd6 12. dxe5 Bxe5 13. Nd4 a6 14. Bxd7+ Nxd7 15. f4 Bc7 16. Qa3 Qe7 17. Qxe7+ Kxe7 18. b3 g6 19. h3 f5 20. bxc4 dxc4 21. e4 Bb6 22. Re1 Kf7 23. e5 Bxd4+ 24. cxd4 Nb6 25. Ba3 c3 26. Nb3 c2 27. e6+ Ke8 28. Bd6 Rc8 29. Be5 Rg8 30. Nc5 Bd1 31. Raxd1 cxd1Q 32. Rxd1 Nd5 33. Nxb7 Rc2 34. Rb1 Ke7 35. Nd6 Kxe6 36. Rb7 g5 37. Rxh7 gxf4 38. Rh6+ Kd7 39. g4 fxg4 40. h4 f3 41. Nf5 Rc6 42. Rh7+ 1/2-1/2

[Event "Novokuznetsk Spring op"]
[Site "Novokuznetsk"]
[Date "2012.??.??"]
[Round "3"]
[White "Spirin, Alexandr"]
[Black "Podshivalin, Gennady"]
[Result "1-0"]
[WhiteElo "1923"]
[BlackElo "2037"]
[PlyCount "111"]
[EventDate "2012.04.04"]
[EventType "swiss"]
[EventRounds "9"]
[EventCountry "RUS"]
[SourceTitle "CBM 148 Extra"]
[Source "ChessBase"]
[SourceDate "2012.06.22"]
[SourceVersion "1"]
[SourceVersionDate "2012.06.22"]
[SourceQuality "1"]

1. Nf3 d5 2. b3 Nf6 3. Bb2 e6 4. e3 Nbd7 5. Be2 Bd6 6. d4 c6 7. 0-0 0-0 8. Ne5 Qe7 9. Nd2 Ba3 10. Qc1 Bxb2 11. Qxb2 Nxe5 12. dxe5 Nd7 13. Nf3 f6 14. Bd3 fxe5 15. Nxe5 Nxe5 16. Qxe5 Qf6 17. f4 Qxe5 18. fxe5 Bd7 19. b4 Rxf1+ 20. Kxf1 a5 21. c3 axb4 22. cxb4 Ra3 23. Ke2 g5 24. Bc2 Kg7 25. Bb3 Ra8 26. a4 Be8 27. Kd3 b6 28. Kd4 Rc8 29. Rc1 Ra8 30. Kc3 c5 31. b5 Bg6 32. Rf1 h5 33. Bd1 g4 34. Kb3 Bf5 35. g3 Kg6 36. Rf2 Rc8 37. Bc2 Ra8 38. Bxf5+ exf5 39. Rd2 Rd8 40. a5 bxa5 41. Ka4 Kf7 42. b6 Ke6 43. Kb5 c4 44. b7 Kxe5 45. Kc6 Ke4 46. Rxd5 Rb8 47. Rxa5 c3 48. Rc5 Kd3 49. Rxf5 Kxe3 50. Rxh5 c2 51. Rc5 Kd2 52. Kc7 Rh8 53. b8Q Rxb8 54. Kxb8 c1Q 55. Rxc1 Kxc1 56. Kc7 1-0

[Event "Novokuznetsk Spring op"]
[Site "Novokuznetsk"]
[Date "2012.??.??"]
[Round "7"]
[White "Vladimirov, Mikhail"]
[Black "Podshivalin, Gennady"]
[Result "1-0"]
[WhiteElo "2184"]
[BlackElo "2037"]
[PlyCount "59"]
[EventDate "2012.04.04"]
[EventType "swiss"]
[EventRounds "9"]
[EventCountry "RUS"]
[SourceTitle "CBM 148 Extra"]
[Source "ChessBase"]
[SourceDate "2012.06.22"]
[SourceVersion "1"]
[SourceVersionDate "2012.06.22"]
[SourceQuality "1"]

1. e4 c6 2. d4 d5 3. e5 Bf5 4. h4 Bd7 5. Bd3 e6 6. Nf3 c5 7. c3 a5 8. 0-0 Qb6 9. Nbd2 cxd4 10. Nxd4 Nc6 11. N2f3 Nxd4 12. Nxd4 Bc5 13. Nb3 Bb5 14. Nxc5 Qxc5 15. Be3 Qc6 16. Bxb5 Qxb5 17. Qg4 g6 18. b4 a4 19. Bc5 b6 20. Bd6 Rc8 21. Qf3 Qc6 22. b5 Qb7 23. c4 Ne7 24. cxd5 exd5 25. Qf6 Rg8 26. Rfe1 Nf5 27. e6 Nxd6 28. exf7+ Kf8 29. fxg8Q+ Kxg8 30. Re7 1-0

[Event "Novokuznetsk-ch op"]
[Site "Novokuznetsk"]
[Date "2010.11.14"]
[Round "1"]
[White "Podshivalin, Gennady"]
[Black "Korobeynikov, Alexandr"]
[Result "0-1"]
[WhiteElo "2102"]
[BlackElo "1910"]
[PlyCount "90"]
[EventDate "2010.11.14"]
[EventType "swiss"]
[EventRounds "9"]
[EventCountry "RUS"]
[SourceTitle "EXT 2022"]
[Source "ChessBase"]
[SourceDate "2021.10.06"]
[SourceVersion "1"]
[SourceVersionDate "2021.10.06"]
[SourceQuality "1"]

1. d4 Nf6 2. Nf3 e6 3. Bg5 Be7 4. c4 c5 5. e3 Qb6 6. Qc2 cxd4 7. exd4 Nc6 8. c5 Qc7 9. Nc3 Nb4 10. Qd2 Nbd5 11. Bd3 b6 12. cxb6 Qxb6 13. 0-0 Bb7 14. Be2 Rc8 15. Nxd5 Bxd5 16. Bxf6 Bxf6 17. Ne5 d6 18. Rac1 Rxc1 19. Rxc1 dxe5 20. dxe5 Bd8 21. b3 h5 22. Qf4 g5 23. Qa4+ Kf8 24. Rc8 Kg7 25. Qd7 g4 26. Bc4 Bxc4 27. Rxc4 Bh4 28. g3 Rd8 29. Qc7 Rd1+ 30. Kg2 Bd8 31. Qxb6 Bxb6 32. Rc2 Bd4 33. Re2 Kg6 34. h3 Kf5 35. f4 gxf3+ 36. Kxf3 Rd3+ 37. Kg2 Bxe5 38. g4+ hxg4 39. hxg4+ Kf6 40. Re4 Rd2+ 41. Kf3 Rxa2 42. Rb4 a5 43. Rb5 a4 44. bxa4 Ra3+ 45. Ke2 Rxa4 0-1

[Event "Novokuznetsk Summer op"]
[Site "Novokuznetsk"]
[Date "2010.06.25"]
[Round "11"]
[White "Podshivalin, Gennady"]
[Black "Morokov, Anatoliy"]
[Result "1-0"]
[WhiteElo "2113"]
[BlackElo "1797"]
[PlyCount "57"]
[EventDate "2010.06.15"]
[EventType "swiss"]
[EventRounds "11"]
[EventCountry "RUS"]
[SourceTitle "EXT 2011"]
[Source "ChessBase"]
[SourceDate "2010.11.26"]
[SourceVersion "1"]
[SourceVersionDate "2010.11.26"]
[SourceQuality "1"]

1. d4 b5 2. d5 Nf6 3. g3 Bb7 4. Bg2 c5 5. e4 e6 6. Bg5 exd5 7. exd5 a5 8. Ne2 Qb6 9. 0-0 Be7 10. Re1 0-0 11. Nbc3 c4 12. d6 Ng4 13. Nd4 Nxf2 14. dxe7 Nxd1 15. exf8Q+ Kxf8 16. Be7+ Kg8 17. Bc5 Qxc5 18. Re8+ Qf8 19. Rxf8+ Kxf8 20. Rxd1 Bxg2 21. Kxg2 b4 22. Ncb5 Ra6 23. Re1 Nc6 24. Nc7 g6 25. Nxa6 Nxd4 26. c3 Nc2 27. Re5 d5 28. Re2 bxc3 29. Rxc2 1-0

[Event "Novokuznetsk Summer op"]
[Site "Novokuznetsk"]
[Date "2010.06.24"]
[Round "10"]
[White "Podshivalin, Gennady"]
[Black "Nigametzianov, Mikhail"]
[Result "0-1"]
[WhiteElo "2113"]
[BlackElo "2396"]
[PlyCount "94"]
[EventDate "2010.06.15"]
[EventType "swiss"]
[EventRounds "11"]
[EventCountry "RUS"]
[SourceTitle "EXT 2011"]
[Source "ChessBase"]
[SourceDate "2010.11.26"]
[SourceVersion "1"]
[SourceVersionDate "2010.11.26"]
[SourceQuality "1"]

1. Nf3 Nf6 2. c4 c5 3. d4 g6 4. Nc3 Bg7 5. e4 cxd4 6. Nxd4 d6 7. Be2 0-0 8. Be3 Nc6 9. 0-0 Bd7 10. h3 Nxd4 11. Bxd4 Bc6 12. Bf3 a6 13. Qe2 Rc8 14. b3 Qa5 15. Rac1 Rfe8 16. Rfd1 h5 17. Qb2 Bh6 18. Rb1 e5 19. Be3 Bxe3 20. fxe3 Qc5 21. Qf2 b5 22. Nd5 Bxd5 23. cxd5 Kg7 24. Rf1 Rf8 25. g4 hxg4 26. hxg4 Qc2 27. Rb2 Qxf2+ 28. Kxf2 Nh7 29. Bg2 Ng5 30. Re1 Rc3 31. Ree2 Rfc8 32. Red2 b4 33. Ke2 a5 34. Rd3 R3c5 35. Rdd2 Kf6 36. Kd3 Rc3+ 37. Ke2 Nh7 38. Rd3 Kg5 39. Bf3 Nf6 40. Rb1 Rc1 41. Rxc1 Rxc1 42. Rd1 Rxd1 43. Kxd1 Nxg4 44. Kd2 f5 45. exf5 gxf5 46. Ke2 e4 47. Bg2 Nf6 0-1

[Event "Novokuznetsk Summer op"]
[Site "Novokuznetsk"]
[Date "2010.06.23"]
[Round "9"]
[White "Shukan, Alexander"]
[Black "Podshivalin, Gennady"]
[Result "1/2-1/2"]
[WhiteElo "2232"]
[BlackElo "2113"]
[PlyCount "86"]
[EventDate "2010.06.15"]
[EventType "swiss"]
[EventRounds "11"]
[EventCountry "RUS"]
[SourceTitle "EXT 2011"]
[Source "ChessBase"]
[SourceDate "2010.11.26"]
[SourceVersion "1"]
[SourceVersionDate "2010.11.26"]
[SourceQuality "1"]

1. e4 c6 2. Nc3 d5 3. Nf3 Bg4 4. h3 Bh5 5. g4 Bg6 6. exd5 cxd5 7. Bb5+ Nc6 8. Ne5 Rc8 9. d4 a6 10. Nxc6 bxc6 11. Bxa6 Rb8 12. Bd3 Qc7 13. Ne2 e6 14. a4 Bd6 15. c3 Nf6 16. f3 Bxd3 17. Qxd3 0-0 18. b4 e5 19. dxe5 Bxe5 20. 0-0 Bd6 21. Ra2 Rfe8 22. Nd4 g6 23. Bg5 Nd7 24. f4 Re4 25. f5 Rbe8 26. fxg6 hxg6 27. Raf2 Ne5 28. Qd2 Be7 29. Bf4 Bh4 30. Rg2 Qd7 31. Bxe5 R8xe5 32. Nf3 Qe7 33. Nxe5 Qxe5 34. a5 Be1 35. Qc2 Bxc3 36. Kh1 Re3 37. Rh2 Bxb4 38. a6 Ra3 39. h4 Bd6 40. Rg2 Rxa6 41. h5 Kg7 42. Rxf7+ Kxf7 43. Rf2+ Kg8 1/2-1/2